Przez jakie państwa przepływa dana rzeka - Statystyki

Ogólne statystyki
  • Ten quiz został rozwiązany 360 razy
  • Średni wynik to 14 z 15
Statystyki odpowiedzi
rzeka przez jakie państwa przepływa % Poprawnych
Indus Chiny\Indie\Pakistan
99%
Ob-Irtysz Chiny\Kazachstan\Rosja
99%
Amur Mongolia\Chiny\Rosja
99%
Parana Brazylia\Paragwaj\Argentyna
98%
Nil Burundi\Rwanda\Tanzania\Uganda\Sudan południowy\Sudan\Egipt
98%
Mekong Chiny\Mjanma\Tajlandia\Laos\Kambodża\Wietnam
98%
Amazonka Peru\Kolumbia\Brazylia
98%
Jangcy Chiny
97%
Niger Gwinea\Mali\Niger\Benin\Nigeria
97%
Misisipi USA
97%
Kongo DRK\Kongo\Angola
95%
Dunaj Niemcy\Austria\Słowacja\Węgry\Chorwacja\Serbia\Bułgaria\Rumunia\Ukraina\Mołdawia
95%
Zambezi Angola\Namibia\Zimbabwe\Zambia\Mozambik
83%
Murray Australia
62%
Syr-Daria Kirgistan\Uzbekistan\Tadżykistan\Kazachstan
44%
Nie znaleziono quizów pasujących do podanych kryteriów
Rozkład punktacji
Procent ludzi z każdym wynikiem
Percentyl według liczby udzielonych odpowiedzi
Twoja historia wyników
Nie rozwiązałeś tego quizu